| 000 | 02053nam a2200445 i 4500 | ||
|---|---|---|---|
| 001 | ebr10755385 | ||
| 003 | CaPaEBR | ||
| 006 | m o d | ||
| 007 | cr cn||||||||| | ||
| 008 | 930922s1994 pau ob 001 0deng d | ||
| 020 | _a9780812209945 (e-book) | ||
| 020 | _z9780812215014 | ||
| 040 |
_aCaPaEBR _beng _erda _epn _cCaPaEBR |
||
| 035 | _a(OCoLC)861527846 | ||
| 050 | 1 | 4 |
_aBL50 _b.N47 1994eb |
| 082 | 0 | 4 |
_a291 _220 |
| 100 | 1 |
_aNightingale, Florence, _d1820-1910. |
|
| 240 | 1 | 0 |
_aSuggestions for thought to the searchers after truth among the artizans of England. _kSelections |
| 245 | 1 | 0 |
_aSuggestions for thought / _cby Florence Nightingale ; selections and commentaries edited by Michael D. Calabria and Janet A. Macrae. |
| 264 | 1 |
_aPhiladelphia : _bUniversity of Pennsylvania Press, _c[1994] |
|
| 264 | 4 | _c�1994 | |
| 300 | _a1 online resource (220 pages) | ||
| 336 |
_atext _2rdacontent |
||
| 337 |
_acomputer _2rdamedia |
||
| 338 |
_aonline resource _2rdacarrier |
||
| 490 | 1 | _aUniversity of Pennsylvania Press studies in health, illness, and caregiving | |
| 504 | _aIncludes bibliographical references and index. | ||
| 588 | _aDescription based on print version record. | ||
| 590 | _aElectronic reproduction. Palo Alto, Calif. : ebrary, 2013. Available via World Wide Web. Access may be limited to ebrary affiliated libraries. | ||
| 600 | 1 | 0 |
_aNightingale, Florence, _d1820-1910 _xReligion. |
| 650 | 0 | _aEthics. | |
| 650 | 0 | _aReligion. | |
| 655 | 0 | _aElectronic books. | |
| 700 | 1 | _aCalabria, Michael D. | |
| 700 | 1 |
_aMacrae, Janet, _d1947- |
|
| 776 | 0 | 8 |
_iPrint version: _aNightingale, Florence, 1820-1910. _tSuggestions for thought. _dPhiladelphia : University of Pennsylvania Press, [1994] _hxl, 176 pages ; 24 cm. _kStudies in health, illness, and caregiving _z9780812215014 _w(DLC) 93037576 |
| 797 | 2 | _aebrary. | |
| 830 | 0 | _aStudies in health, illness, and caregiving. | |
| 856 | 4 | 0 |
_uhttp://site.ebrary.com/lib/rucke/Doc?id=10755385 _zAn electronic book accessible through the World Wide Web; click to view |
| 999 |
_c117425 _d117425 |
||